Open Data Biblioteca Nacional de Portugal


República Portuguesa: Ministério da Cultura
Biblioteca Nacional de Portugal

Catálogo da BNP: acesso por Identificadores Unívocos
Registos Bibliográficos associados ao registo de autoridade

Etiqueta de registo: 00254nam 2200025 450
001 2288004
003 http://id.bnportugal.gov.pt/bib/catbnp/2288004
010 ## $a978-989-53660-3-3
021 ## $aPT$b556230/25
100 ## $a20260616d2025 d a0pory01030103ba
101 0# $apor
102 ## $aPT
105 ## $aa z 000fy
106 ## $ar
200 1# $a A aventura do Júnior na Reserva Natural do Sapal de Castro Marim e Vila Real de Santo António$fRosa Madeira$gadapt. do texto Ana Paula Rosa, Ricardo Jerónimo, Vânia Serrão Sousa$gil. Marta Santos$gfot. Agostinho Gomes... [et al.]
205 ## $a1ª ed
210 #9 $aCastro Marim ;$aVila Real de Santo António$cComissão de Cogestão da Reseva do Sapal de Castro Marim e Vila Real de Santo António,$d2025
215 ## $a36 p.$cil.$d23 cm
700 #1 $92$aMadeira,$bRosa$31953067
702 #1 $aRosa,$bAna Paula$4010$31359688
702 #1 $aJerónimo,$bRicardo$4010$32000772
702 #1 $94$aSantos,$bMarta$4440$31636457
702 #1 $94$aGomes,$bAgostinho$4600$31953068
801 #0 $aPT$bBN$gRPC
966 ## $lBN$mFGMON$x1
966 ## $lBN$mFGMON$x1
971 ## $cjbeatriz$d20260617

OpendataBNP@bnportugal.pt | Mais informação sobre acesso aos dados BNP